000 00323nam a2200133Ia 4500
008 100328s9999 xx 000 0 und d
082 _b35883
100 _aकदम बाबा
245 _aघायाळ
260 _bशशीदीप
630 _aघायाळ
730 _aघायाळ
942 _cBOOK
999 _c525668
_d525665